Städte, die mit "n" enden - Statistiken

Allgemein
  • Dieses Quiz wurde 87 mal gespielt
  • Das Durchschnittsergebnis liegt bei 14 aus 25
Antwortstatistiken
Hint Antwort % Korrekt
3.690.000 Berlin
97%
1.510.000 München
97%
1.020.000 Köln
90%
590.000 Bremen
86%
560.000 Dresden
86%
570.000 Essen
78%
320.000 Bonn
64%
270.000 Gelsenkirchen
63%
260.000 Aachen
59%
180.000 Saarbrücken
59%
120.000 Bremerhaven
53%
170.000 Leverkusen
51%
210.000 Oberhausen
47%
290.000 Wiesbaden
46%
180.000 Ludwigshafen
44%
160.000 Paderborn
44%
100.000 Kaiserslautern
41%
120.000 Recklinghausen
41%
100.000 Siegen
41%
190.000 Hagen
39%
120.000 Erlangen
34%
130.000 Göttingen
31%
170.000 Solingen
31%
130.000 Heilbronn
29%
120.000 Reutlingen
22%
Keine übereinstimmenden Quizze gefunden
Verteilung der Resultate
Anzahl Personen mit jedem Resultat
Perzentil nach korrekt beantworteten Fragen
Ihre Resultats-Entwicklung
Sie haben dieses Quiz noch nicht gespielt